Episodi di Attack on Titan (click) - Numero|Titolo - Statistics

Statistiche generali
  • Questo quiz è stato fatto 20 volte
  • Il punteggio medio è 36 su 92
Statistiche sulle risposte
Hint Risposta % Corretto
Stagione 1 Episodio 1 A te, fra 2000 anni
80%
Stagione 4 Episodio 16 (75) Cielo e terra
80%
Stagione 4 Episodio 5 (64) Dichiarazione di guerra
80%
Stagione 4 Episodio 19 (78) Fratelli maggiori e fratelli minori
80%
Stagione 2 Episodio 1 (26) Il gigante bestia
80%
Stagione 4 Episodio 6 (65) Il gigante martello
80%
Stagione 3 Episodio 12 (49) La notte prima dell'operazione di riconquista
80%
Stagione 4 Episodio 8 (67) Proiettile assassino
80%
Stagione 3 Episodio 22 (59) Al di là delle mura
60%
Stagione 4 Episodio 1 (60) Al di là del mare
60%
Stagione 4 Episodio 7 (66) Assalto
60%
Stagione 2 Episodio 7 (32) Attacco, proiezione, sottomissione
60%
Stagione 1 Episodio 9 Cos'è accaduto al braccio sinistro?
60%
Stagione 4 Episodio 21 (80) Da te, duemila anni fa
60%
Stagione 4 Episodio 22 (81) Disgelo
60%
Stagione 2 Episodio 6 (31) Guerriero
60%
Stagione 4 Episodio 12 (71) Guide
60%
Stagione 2 Episodio 5 (30) Historia
60%
Stagione 4 Episodio 13 (72) I bambini della foresta
60%
Stagione 4 Special 2 Episodio 1 (90) La battaglia tra cielo e terra
60%
Stagione 4 Episodio 28 (87) L'alba dell'umanità
60%
Stagione 3 Episodio 16 (53) Partita perfetta
60%
Stagione 1 Episodio 5 Prima battaglia
60%
Stagione 2 Episodio 12 (37) Urla
60%
Stagione 1 Episodio 14 Ancora non riesco a guardarlo negli occhi
40%
Stagione 4 Episodio 10 (69) Buoni argomenti
40%
Stagione 2 Episodio 11 (36) Carica
40%
Stagione 4 Episodio 4 (63) Da mano a mano
40%
Stagione 1 Episodio 20 Erwin Smith
40%
Stagione 4 Special 2 Episodio 3 (92) Guardando verso quell'albero sulla collina
40%
Stagione 1 Episodio 11 Icona
40%
Stagione 4 Special 1 Episodio 1 (88) Il boato della terra
40%
Stagione 1 Episodio 18 Il bosco di alberi giganti
40%
Stagione 3 Episodio 17 (54) Il coraggioso
40%
Stagione 1 Episodio 17 Il gigante dalle fattezze femminili
40%
Stagione 3 Episodio 21 (58) Il gigante d'attacco
40%
Stagione 1 Episodio 6 Il mondo che la ragazza ha visto
40%
Stagione 4 Episodio 2 (61) Il treno di mezzanotte
40%
Stagione 3 Episodio 19 (56) La cantina
40%
Stagione 3 Episodio 13 (50) La città dove tutto iniziò
40%
Stagione 1 Episodio 3 La luce opaca tra la disperazione
40%
Stagione 4 Episodio 25 (84) La notte della fine
40%
Stagione 3 Episodio 14 (51) Le lance fulmine
40%
Stagione 1 Episodio 25 Le mura
40%
Stagione 4 Episodio 15 (74) L'unica salvezza
40%
Stagione 1 Episodio 15 L'unità per le operazioni speciali
40%
Stagione 3 Episodio 9 (46) Monarca delle mura
40%
Stagione 1 Episodio 2 Quel giorno (1)
40%
Stagione 3 Episodio 20 (57) Quel giorno (2)
40%
Stagione 4 Episodio 20 (79) Ricordi del futuro
40%
Stagione 3 Episodio 1 (38) Segnale di fumo
40%
Stagione 2 Episodio 4 (29) Soldato
40%
Stagione 2 Episodio 2 (27) Sono a casa
40%
Stagione 3 Episodio 11 (48) Spettatore
40%
Stagione 1 Episodio 7 Una piccola lama
40%
Stagione 4 Special 2 Episodio 2 (91) Un lungo sogno
40%
Stagione 4 Episodio 14 (73) Violenza efferata
40%
Stagione 4 Episodio 9 (68) Volontari
40%
Stagione 3 Episodio 10 (47) Amici
20%
Stagione 2 Episodio 9 (34) Apertura
20%
Stagione 4 Episodio 18 (77) Attacco a tradimento
20%
Stagione 2 Episodio 10 (35) Bambini
20%
Stagione 1 Episodio 21 Colpo devastante
20%
Stagione 1 Episodio 16 Cos'è che deve essere fatto ora?
20%
Stagione 3 Episodio 7 (44) Desiderio
20%
Stagione 3 Episodio 2 (39) Dolore
20%
Stagione 1 Episodio 12 Ferite
20%
Stagione 3 Episodio 4 (41) Fiducia
20%
Stagione 4 Episodio 17 (76) Giudizio
20%
Stagione 1 Episodio 22 Gli sconfitti
20%
Stagione 1 Episodio 8 Il battito del cuore è indice di sentimenti
20%
Stagione 4 Episodio 11 (70) Impostori
20%
Stagione 2 Episodio 8 (33) Inseguitori
20%
Stagione 1 Episodio 13 Istinti primordiali
20%
Stagione 1 Episodio 24 La grazia
20%
Stagione 1 Episodio 4 La notte della cerimonia dello scioglimento
20%
Stagione 4 Episodio 3 (62) La porta della speranza
20%
Stagione 1 Episodio 10 La risposta
20%
Stagione 3 Episodio 15 (52) La venuta
20%
Stagione 3 Episodio 8 (45) Le mura del distretto di Orvud
20%
Stagione 1 Episodio 19 Morso
20%
Stagione 4 Episodio 24 (83) Orgoglio
20%
Stagione 3 Episodio 6 (43) Peccato
20%
Stagione 4 Special 1 Episodio 2 (89) Peccatori
20%
Stagione 4 Episodio 27 (86) Retrospettiva
20%
Stagione 3 Episodio 5 (42) Risposta
20%
Stagione 3 Episodio 18 (55) Sole di mezzanotte
20%
Stagione 3 Episodio 3 (40) Storie passate
20%
Stagione 4 Episodio 26 (85) Traditore
20%
Stagione 4 Episodio 23 (82) Tramonto
20%
Stagione 1 Episodio 23 Un sorriso
20%
Stagione 2 Episodio 3 (28) Verso sud-ovest
20%
Nessun quiz corrispondente trovato
Distribuzione punteggi
Percentuale di utenti per punteggio
Percentile per numero di risposta
I tuoi punteggi nel tempo
Non hai fatto questo quiz